Gestió associada de boscos privats i estudis tècnics de les zones cremades els anys 1994 i 1998
ISBN:
84-7794-822-4
Descripción Física:
159 p. : il. taules, gràf. ; 30 cm
Colección:
Dossiers de gestió forestal; 2
MARC
| LEADER | 00000nam a2200000Ia 4500 | ||
|---|---|---|---|
| 001 | 16928 | ||
| 003 | BGR | ||
| 005 | 20260324175228.0 | ||
| 008 | 160829s2001 xx 000 0 cat d | ||
| 020 | |a 84-7794-822-4 | ||
| 080 | |a C-2-385 | ||
| 245 | |a Gestió associada de boscos privats i estudis tècnics de les zones cremades els anys 1994 i 1998 | ||
| 260 | |a [Barcelona] : |b Agència de Desenvolupament Forestal, |c 2001 | ||
| 300 | |a 159 p. : |b il. taules, gràf. ; |c 30 cm | ||
| 490 | |a Dossiers de gestió forestal; 2 | ||
| 590 | |a Annexes | ||
| 650 | 0 | |a Incendis forestals |x Catalunya |9 30778 | |
| 650 | |a Repoblació forestal |x Catalunya |9 29691 | ||
| 710 | |9 61226 |a Agència Local de Desenvolupament Forestal | ||
| 901 | |a Arxiu | ||
| 942 | |n 1 |2 udc |c MON | ||
| 952 | |0 0 |1 0 |4 0 |6 C2385 |7 1 |9 42041 |a Arxiu |b Arxiu |d 2016-12-01 |l 0 |o C-2-385 |p 16928 |r 2016-12-01 00:00:00 |w 2016-12-01 |y ARXIU | ||
| 999 | |c 44488 |d 44488 | ||